000 00416nam a2200145Ia 4500
008 100122s9999 xx 000 0 und d
082 _b3908
_a822
100 _aलेखक शोधणे
245 _aमाईची माया
260 _bप्रकाशक शोधणे
_c1924
300 _a50
630 _aमाईची माया
730 _aमाईची माया
942 _cBOOK
999 _c397738
_d397735